000 00627nam a22001577a 4500
003 OSt
005 20150914085144.0
008 150914b xxu||||| |||| 00| 0 eng d
040 _cRUA
082 _aAGR SAM 2000 B022 Or.1
100 _9422
_aSAM, NANG.
245 _aការប្រៀបធៀបនៃការប្រើប្រាស់ជីប្រភេទផ្សេងៗទៅលើការលូតលាស់​ របស់ស្ពៃក្រញ៉ាញ់ (a comparison of different fertilizers on chinese cabbage)
260 _aPhnom Penh
_bRUA
_c2000
300 _a47p.
_bill.
_c29cm.
942 _2ddc
_cAGR
999 _c400
_d400